000 00354 a2200157 4500
001 59806
020 _a9783791508139
040 _cAnchieta - Pituba
100 _aHarris, Maria G
240 1 0 _aDie unsichtbare stadt
_lpor
245 1 0 _aDie unsichtbare stadt
300 _a
362 0 _a2003
650 4 _aLiteratura juvenil em alemão
942 _cBK
999 _c59806
_d59806